02095nam a22004338i 4500001001000000003000400010005001700014008004100031020002500072020004800097020001500145040003600160082002200196100002800218245007000246250003300316260006100349300004000410490002500450500002900475500002400504504004100528650005700569650005600626650003400682650005700716650004400773650005700817650004400874653002300918655002100941942002200962999001700984952013601001952013601137952014801273952012001421952012001541016635413OSt20141012135719.0140217t2014 xxua frb 001 0 eng d a9780071818117 (pbk.) a9781259255175 (international edition : pbk) a1259255174 aStDuBDSbengcStDuBDSdEG-ScBUE00a616.9041222bLEV1 aLevinson, Warren93617710aReview of medical microbiology and immunology /cWarren Levinson. a13th ed.,binternational ed. aNew York, United States :bMcGraw-Hill Medical,cc.2014. aix, 789 p. :bill. (col.) ;c28 cm.0 aA Lange Medical Book aPrevious edition : 2012. aIndex : p. 741-789. aIncludes bibliographical references. 0aMedical microbiologyvOutlines, syllabi, etc.927322 0aClinical immunologyvOutlines, syllabi, etc.93617810aMicrobiologyvOutlines93617920aAllergy and ImmunologyvExamination Questions93618020aAllergy and ImmunologyvOutlines93618120aImmunologic TechniquesvExamination Questions93618220aImmunologic TechniquesvOutlines936183 bPPhrmcOctober2014 vtext book933728 2ddck616.9041 LEV c18443d18415 00102ddc40708BaccahaMAINbMAINc1STd2014-10-12epurchaseg200.00l0o616.9041 LEVp000036563r2025-07-15 00:00:00v250.00yNB 00102ddc40708BaccahaMAINbMAINc1STd2014-10-12epurchaseg200.00l0o616.9041 LEVp000036564r2025-07-15 00:00:00v250.00yBB 00102ddc40708BaccahaMAINbMAINc1STd2014-10-12epurchaseg200.00l1o616.9041 LEVp000036565r2025-07-15 00:00:00s2015-12-09v250.00yBB 00102ddc40708BaccahaMAINbMAINc1STd2014-10-12epurchasel0o616.9041 LEVp000036566r2025-07-15 00:00:00yBB 00102ddc40708BaccahaMAINbMAINc1STd2014-10-12epurchasel0o616.9041 LEVp000036611r2025-07-15 00:00:00yBB